000 00817nam a22001937a 4500
003 OSt
005 20210427063628.0
008 210312s1938 ||||| |||| 00| 0 eng d
040 _aeng
_beng
_cDLC
041 _aeng
080 _a61 (09)
_bP-59
245 _aThe Physician throughout the Ages / Volume I
_b: A record of the Doctor from the Earliest Historical Period - Embracing a General Survey of the Practice of Medicine - The Social History pf the Doctor - with Medical Chronology and Biographies of Outstanding Physicians
_c/ by: Capehart-Brown Co., Inc
260 _aNew york
_bCapehart-Brown Co., Inc
_c1938
300 _a848 p.
_bill.
650 0 _9335
_aHistory of Medicine
653 _aმედიცინის ისტორია
700 _91397
_aBrown-Selwyn, Arthur
_eIllustrator
942 _2udc
_cBK
999 _c2184
_d2184